000 00310nam a22001217a 4500
008 150309b xxu||||| |||| 00| 0 eng d
020 _a9780600628866
050 _aAG 243 .A5819 2015
245 _aTop 10 of Everything 2015
260 _aUnited Kingdom
_bHamlyn
_c2014
300 _a320 p.
942 _2lcc
_cBK
999 _c283754
_d283754